[Event "Medellin Cuartas Memorial B"]
[Site "Medellin"]
[Date "2011.08.07"]
[Round "7.56"]
[White "Franco Alvarez, Carolina"]
[Black "Franco Alvarez, Diego A"]
[Result "0-1"]
[WhiteElo "1600"]
[BlackElo "1521"]
[PlyCount "96"]
[EventDate "2011.08.03"]
[EventType "swiss"]
[EventRounds "8"]
[EventCountry "COL"]
[SourceTitle "EXT 2024"]
[Source "ChessBase"]
[SourceDate "2023.10.10"]
[SourceVersion "1"]
[SourceVersionDate "2023.10.10"]
[SourceQuality "1"]

1. e4 e5 2. Nf3 Nc6 3. Bb5 d6 4. Bxc6+ bxc6 5. d4 Bg4 6. Nbd2 exd4 7. 0-0 Nf6 8. Qe1 Bxf3 9. Nxf3 c5 10. e5 dxe5 11. Qxe5+ Qe7 12. Qxe7+ Bxe7 13. Re1 Nd5 14. Ne5 0-0 15. Bd2 Rfe8 16. Nc6 c4 17. Nxe7+ Nxe7 18. Re4 Nc6 19. Rae1 Kf8 20. Bf4 Rac8 21. Bxc7 g6 22. Bd6+ Ne7 23. Bxe7+ Rxe7 24. Rxe7 Rb8 25. Rd7 Rxb2 26. g3 Rxa2 27. Rd8+ Kg7 28. Rxd4 Rxc2 29. Rf4 a5 30. Re7 g5 31. Rexf7+ Kg8 32. Rd4 Kxf7 33. Rd5 a4 34. Rxg5 a3 35. Rf5+ Kg6 36. g4 a2 37. Ra5 Rc1+ 38. Kg2 a1Q 39. Rxa1 Rxa1 40. h4 h5 41. gxh5+ Kxh5 42. Kg3 c3 43. Kf4 c2 44. Kf5 Ra4 45. f4 c1R 46. Kf6 Ra6+ 47. Kf7 Rc7+ 48. Kf8 Ra8# 0-1